Départements dont le chef-lieu n'est pas la ville la plus peuplée - Statistiques

Statistiques générales
  • Ce quiz a été pris 122 fois
    40 depuis la dernière actualisation
  • Le résultat moyen est 73 sur 96
Statistiques - réponses
Réponse % Correct
02
92%
51
92%
Aisne
92%
Brest
92%
Marne
92%
Quimper
92%
Reims
92%
29
89%
Finistère
89%
03
86%
50
86%
93
86%
Allier
86%
Châlons-en-Champagne
86%
Cherbourg-en-Cotentin
86%
Laon
86%
Manche
86%
Moulins
86%
Saint-Denis
86%
Saint-Lô
86%
Seine-Saint-Denis
86%
04
83%
07
83%
09
83%
94
83%
Ardèche
83%
Bobigny
83%
Le Havre
83%
Rouen
83%
Vannes
83%
11
81%
39
81%
52
81%
56
81%
62
81%
77
81%
95
81%
Ariège
81%
Arras
81%
Aude
81%
Digne-les-Bains
81%
Alpes-de-Haute-Provence
81%
Foix
81%
Haute-Marne
81%
Lorient
81%
Melun
81%
Morbihan
81%
Nanterre
81%
Pas-de-Calais
81%
Val-de-Marne
81%
Val-d'Oise
81%
55
78%
76
78%
Carcassonne
78%
Créteil
78%
Hauts-de-Seine
78%
Jura
78%
Lons-le-Saunier
78%
Seine-et-Marne
78%
Seine-Maritime
78%
92
75%
Calais
75%
Cergy
75%
Meuse
75%
Narbonne
75%
Privas
75%
Bar-le-Duc
72%
Chaumont
72%
Corrèze
72%
Tulle
72%
19
69%
68
69%
971
69%
Colmar
69%
Guadeloupe
69%
Saint-Quentin
69%
Boulogne-Billancourt
67%
Brive-la-Gaillarde
67%
Châlon-sur-Saône
67%
Dole
67%
Haut-Rhin
67%
71
64%
Montluçon
64%
Mulhouse
64%
Saône-et-Loire
61%
Argenteuil
58%
Basse-Terre
58%
Mâcon
58%
Meaux / Chelles
58%
Pamiers
58%
Verdun
58%
Manosque
56%
Les Abymes
53%
Saint-Dizier
50%
Annonay
44%
Vitry-sur-Seine
39%
Aucun quiz correspondant
Distribution des résultats
% des personnes avec chaque résultat
Percentile par nombre de réponses
Votre historique - résultats
Vous n’avez pas pris ce quiz depuis la dernière actualisation